00408nam a2200145Ia 450000500170000000800410001702000150005808200130007310000170008624500720010326000470017530000120022265000160023465000120025020250612015511.0240331s9999 xx 000 0 und d a9559123386 bRATa322 aRatnayaka, K 0aJanatha vimukthi peramuna :bradical wadaya sita facistwadaya dakwa aColombobWorker's Pathway Publishersc1997 a80 p ., aRadicalisum afascism